000 00466nam a22001817a 4500
003 OSt
005 20180116182954.0
008 140227b xxu||||| |||| 00| 0 eng d
040 _a0
_c0
082 _a891.4391 IQB 2006
100 _aAllama Muhammad Iqbal
245 _aKuliate Iqbal
_cAllama Muhammad Iqbal
260 _aRawalpindi
_bNawab Sons
_c2006
300 _a239 p.
_bPB
440 _aKuliate Iqbal
600 _aAllama Muhammad Iqbal
942 _2ddc
_cBK
999 _c349618
_d349618